| 000 | 00559nam a2200193 ar4500 | ||
|---|---|---|---|
| 001 | 1161 | ||
| 005 | 20221127090141.0 | ||
| 008 | 090223s xxu 0001f|eng d | ||
| 020 |
_a0375421769(hpb) : _cSR149.00 |
||
| 082 | 0 | 4 |
_a813.54 _bD227 2006 |
| 100 | 1 | _aDanielewski, Mark Z. | |
| 245 | 1 | 0 |
_aOnly revolutions / _cMark Danielewski. |
| 250 | _a1st ed. | ||
| 260 |
_aNew York : _bPantheon Books, _c2006. |
||
| 300 |
_a390. p ; _c24 cm. |
||
| 500 | _aInverted text on same page. | ||
| 650 | 4 |
_aAmerican fiction _y20th century. |
|
| 650 | 4 | _aExperimental fiction. | |
| 999 |
_c1160 _d1160 |
||